000
00257nam a2200109Ia 4500
008
200302s9999 xx 000 0 und d
100
_a
Archana Venkatesan and Other
245
_a
In Andals Garden
260
_b
Marg publishibg
260
_c
2015
300
_a
137
999
_c
3806
_d
3806